US States Without National Parks - Statistics

General Stats
  • This quiz has been taken 615 times
    366 since last reset
  • The average score is 19 of 20
Answer Stats
Hint Answer % Correct
1 Alabama
97%
3 Delaware
95%
8 Kansas
95%
21 Vermont
95%
4 Georgia
94%
15 New Hampshire
94%
17 New York
94%
20 Rhode Island
94%
5 Illinois
93%
7 Iowa
93%
12 Mississippi
93%
19 Pennsylvania
93%
2 Connecticut
92%
10 Maryland
92%
9 Louisiana
91%
14 Nebraska
91%
16 New Jersey
91%
18 Oklahoma
91%
11 Massachusetts
90%
23 Wisconsin
90%
No matching quizzes found
Score Distribution
Percent of People with Each Score
Percentile by Number Answered
Your Score History
You have not taken this quiz since the last reset